000 006320000a22001570004500
008 100903t xxu||||| |||| 00| 0 eng d
082 _a26874
090 _c26874
_d26874
100 _aOvon,James
_946682
245 _aEfficacy of conventional banking methodologies in Micro-finance service delivery :
_ban investigative study of Centenary Rural Development Bank Ltd Micro-finance Operations /
_cJames Ovon
260 _aNkozi :
_bUganda Martyrs University,
_c2002
300 _av, 61 p. ;
_c30 cm.
500 _aMaster of Business Administration and Management
650 _aBanking-microfinance
_946683
942 _cMASTER DIS
_2ddc
999 _c26874
_d26874